| 000 | 00632cam a22002055a 4500 | ||
|---|---|---|---|
| 001 | L141613 | ||
| 008 | 061215s2007 xxk f 000 0 eng u | ||
| 020 | _a9781904829683 | ||
| 035 | _a(Sirsi) u141613 | ||
| 041 | 0 | _aeng | |
| 050 | 0 | 4 | _a692.5 $2 18 |
| 110 | 2 |
_aBuilding Cost Information Service _91096 |
|
| 245 | 0 | 0 |
_aGuide to daywork rates _bcalculations of standard hourly base rates for the major trades in England, Scotland and Wales |
| 250 | _a22nd ed. | ||
| 260 |
_aLondon _bBCIS _c2007 |
||
| 650 | 2 | 4 | _aBCIS GUIDE TO DAYWORK RATES |
| 651 | 4 | _aGREAT BRITAIN | |
| 690 | _aBUILT ENVIRONMENT-BUILDING COSTS | ||
| 942 | _n0 | ||
| 999 |
_c107710 _d107710 |
||